01181 a2200181 4500003000500000005001700005040000900022082001500031100002700046245010800073250001300181300001800194505059200212650001300804942002400817999001900841952013900860NUST20221118124714.0 cNust a515.15,THO aThomas/ Finney 923730 aThomas' calculus / cGeorge B. Thomas, Jr., as revised by Maurice D. Weir, Joel Hass, Frank R. Giordano a10th ed. axxv, 1256 p.: aPreliminaries (Page-1) Limits and Continuity (Page-85) Derivatives (Page-147) Applications of Derivatives (Page-225) Integration (Page-313) Applications of Integrals (Page-393) Transcendental functions and differential Equations (Page-457) Integration techniques, L’Hopital’s Rule’ and Integrals (Page-539)Infinite Series (Page-607)Vectors in the Plane and Polar Functions (Page-717) Vectors and Motion in Space (Page-787) , Multi variable Functions and Their Derivatives (Page-873), Multiple Integrals (Page-975), Integration in Vector Fields (Page-1053), Appendices (Page-1143).  aCalculus 2ddccBKk515.15,THO c194631d194631 00102ddc4070aMCSbMCScGENd2016-12-12l5o515.15,THOpMCS36320r2026-02-12s2025-10-14w2016-12-12yBKzAlmirah No.13, Shelf No.3